| 000 | 01141nam0a22002651 4500 | ||
|---|---|---|---|
| 001 | rc\3324940 | ||
| 005 | 20260408051736.0 | ||
| 021 |
_aRU _bРг483-70 |
||
| 021 |
_aRU _b69-78823 |
||
| 035 | _a(NLR Aleph) 007422050 | ||
| 090 |
_a6926149 _c6926149 |
||
| 100 | _a20130115d1969 |||y0rusy50 ca | ||
| 101 | 0 | _arus | |
| 102 | _aRU | ||
| 105 | _ay z ||||| | ||
| 200 | 1 |
_aИнструкция по эксплуатации импульсного наземного светового измерителя высоты нижней границы облаков _e(ИВО "Облако") _fГл. упр. гидрометеорол. службы при Совете Министров СССР. Сев. упр. гидрометслужбы |
|
| 210 |
_aАрхангельск _cБ. и. _d1969 |
||
| 215 |
_a[1], 25 с. _d20 |
||
| 309 | _aОтпеч. множит. аппаратом | ||
| 712 | 0 | 2 |
_aСеверное управление гидрометеорологической службы _3RU\NLR\AUTH\8810197419 _9283841 |
| 801 | 0 |
_aRU _bNLR _gpsbo |
|
| 801 | 1 |
_aRU _bELAR _2rusmarc |
|
| 852 |
_aNLR _j69-4/27872 |
||
| 942 | _cBOOK | ||
| 980 | _aNB | ||